Goya: 1746-1828

Shranjeno v:
Bibliografske podrobnosti
Glavni avtor: Wight, Frederick S (Author)
Format: Knjiga
Jezik:angleščina
Izdano: Nueva York Harry N. Abrams 1954
Serija:Pocket Library of Great Art, 22
Teme:
Oznake: Označite
Brez oznak, prvi označite!

MARC

LEADER 00000nam a2200000 a 4500
001 UCT3636
003 CL-VaPUC
008 961024e19540000US |||||||||||||||||eng|d
082 0 4 |a 759.04  |b WIG  |2 21 
100 0 |a Wight, Frederick S  |e author  |9 372564 
245 1 0 |a Goya: 1746-1828 
300 |a Pag. irreg 
942 |c BK 
945 |d 19961024 00:00:00  |a rleighto 
260 |a Nueva York  |b Harry N. Abrams  |c 1954 
600 0 |a Goya y Lucientes, Francisco José de   |9 315215 
650 0 |a Pintores españoles  |9 315216 
650 0 |a Pintura española   |9 315217 
650 0 |a Obras de arte  |9 337253 
650 0 |a Museos de arte  |9 265235 
650 0 |a Colecciones artísticas   |9 348038 
583 |a last modification  |c 19961024 00:00:00  |k Rodrigo Vera 
490 0 |a Pocket Library of Great Art, 22 
999 |c 253205  |d 253203 
952 |0 0  |1 0  |4 0  |6 759_040000000000000_WIG_1954  |7 0  |8 P  |9 273861  |a BIBARQ  |b BIBARQ  |d 2019-11-19  |i 3245187  |o 759.04 WIG 1954  |p 3245187  |r 2025-01-20  |w 2019-11-19  |y BK  |k ARQ